Gasellit - "Toistuvia alenemia keskittymiskyvyssä" - sanat - Statistics

Yleistilastot
  • Tätä visaa on pelattu 8 kertaa
  • Keskiarvotulos 213 / 277
Vastaustilastot
Vastaus % Oikein
ei
100%
ja
100%
niin
100%
o
100%
aamupala
83%
Googleta
83%
83%
hätää
83%
hengittämään
83%
jarppii
83%
keskity
83%
kumpi
83%
83%
miks
83%
mitä
83%
mitään
83%
mun
83%
nimi
83%
nukuin
83%
oma
83%
on
83%
oo
83%
paskasti
83%
seuraavaan
83%
83%
taas
83%
viki
83%
anttii
67%
auki
67%
auta
67%
kahvikuppi
67%
köpi
67%
maailma
67%
mikä
67%
minsaa
67%
palaa
67%
pankkiin
67%
piti
67%
salasana
67%
siirryn
67%
silmät
67%
soittaa
67%
stalkkaan
67%
viis
67%
Whatsappii
67%
Cledos
50%
emojii
50%
klikkaa
50%
kommenttiin
50%
kontenttii
50%
la
50%
laa
50%
pelkkää
50%
persikkaa
50%
tuottaa
50%
ehtiiks
33%
en
33%
käydä
33%
myöhässä
33%
syömässä
33%
syöte
33%
tätä
33%
vittu
33%
voi
33%
diggaa
17%
maailman
0%
Ehtoja vastaavia visoja ei löytynyt
Tulosjakauma
Jokaisen tuloksen saaneiden osuus
Persentiili vastausten määrän mukaan
Tuloshistoriasi
Et ole pelannut tätä visaa